| 000 | 00443nam a22001697a 4500 | ||
|---|---|---|---|
| 003 | CEME | ||
| 005 | 20210628204003.0 | ||
| 008 | 210105b xxu||||| |||| 00| 0 eng d | ||
| 040 | _c. | ||
| 082 | _a891.4393 SAL | ||
| 100 |
_aSalma Awan _968149 |
||
| 245 | _aBeech bacholan, afsanay | ||
| 260 |
_aLAHORE _bSARANG PUBLISHERS _c1998 |
||
| 300 | _a143P | ||
| 650 |
_aURDU ADAB- AFSANAY.URDU LITERATYRE-BEECH BACHOLAN _968150 |
||
| 942 |
_cBK _2ddc |
||
| 999 |
_c575780 _d575780 |
||